Loading...

Philosphy and eithics of medicins

Bibliographic Details
Main Author: Michael Gefand
Format: Printed Book
Language:Undetermined
Published: E & S livingstone ltd 1968
Edinburgh
LEADER 00580nam a2200205Ia 4500
008 141122s9999 xx 000 0 und d
040 |c . 
041 |a English 
082 |a 610 
082 |b GEL/PH 
100 |a Michael Gefand 
245 |a Philosphy and eithics of medicins 
245 |c Michael Gefand 
260 |b E & S livingstone ltd 
260 |b Edinburgh 
260 |c 1968 
300 |a 174 Pages 
942 |c BK 
999 |c 13770  |d 13770 
952 |0 0  |1 0  |2 ddc  |4 0  |6 614_100000000000000_GELPH  |7 0  |9 13574  |a COVAS  |b COVAS  |d 0000-00-00  |o 614.1 GEL/PH  |p 5264  |r 2014-11-26  |w 2014-11-26  |y BK